00530nam a2200193Ia 450000500170000000800410001702000180005804000180007604100080009408200230010210000210012524500480014625000130019426000340020730000250024165000260026665000160029265000280030820221122142605.0210716s2012 xx 000 0 und d a9788131734483 cAIMIT LIBRARY aeng a621.395 210bFLOT aFloyd, Thomas L. aDigital fundamentals /cBy Thomas L Floyd.  a10th ed. aNew Delhi :bPearson ,c2012. avi,659p. ;c26.5 cm. aIntroductory concepts aLogic gates aLatches and flip- flops